| 000 | 00494nam a22001817a 4500 | ||
|---|---|---|---|
| 005 | 20251108173620.0 | ||
| 008 | 250721s2006 xx 000 0 eng d | ||
| 020 | _a8174733302 | ||
| 082 | 1 | 4 | _a616.8/pri |
| 245 | 1 | 0 | _aPrimary prevention of medical neurological and psychosocial disorders / |
| 264 | 1 |
_ageneva : _bworld health organization, _c2006. |
|
| 300 | _a113p. | ||
| 650 | 1 | 7 | _aMETAL RETARDATION |
| 650 | 1 | 7 | _aBURN OUT |
| 650 | 1 | 7 | _aEPILEPSY |
| 942 |
_2ddc _cBK |
||
| 999 |
_c108178 _d108178 |
||